XI Type FIFA de l’année 2010 - Statistiques

Statistiques générales
  • Ce quiz a été pris 298 fois
  • Le résultat moyen est 7 sur 11
Statistiques - réponses
Réponse % Correct
Messi
95%
Xavi
94%
Iniesta
93%
Cristiano Ronaldo
92%
Casillas
87%
Puyol
79%
Pique
70%
Sneijder
45%
Maicon
19%
David Villa
9%
Lucio
7%
Aucun quiz correspondant
Distribution des résultats
% des personnes avec chaque résultat
Percentile par nombre de réponses
Votre historique - résultats
Vous n’avez pas pris ce quiz